000 00250nam a2200109Ia 4500
008 140130s9999 xx 000 0 und d
245 _cSmall-Gamby, Julie
_aI will win!
260 _bScholastic,
_c2002
440 _v1
942 _cBK
999 _c42079
_d42079